000 01213nam a2200373 i 4500
999 _c200426705
_d44629
003 TR-AnTOB
005 20190322123559.0
007 ta
008 160530s2016 tu a 000 0 tur d
020 _a9789750518911
040 _aITU
_beng
_cITU
_dTR-AnTOB
_erda
041 _atur
049 _aITUM
050 0 0 _aJK216
_b.T63 2016
090 _aJK216
_b.T63 2016
100 1 _aTocqueville, Alexis de,
_d1805-1859,
_eaut
245 1 0 _aAmerika'da demokrasi /
_cAlexis de Tocqueville ; çeviren, Seçkin Sertdemir Özdemir.
246 3 1 _aDe la démocratie en Amérique.
250 _aBirinci baskı
264 1 _aİstanbul :
_bİletişim Yayıncılık,
_c2016.
264 4 _aCopyright 2016.
300 _a784 pages ;
_billustrations,
_c22 cm
336 _atext
_2rdacontent
337 _aunmediated
_2rdamedia
338 _avolume
_2rdacarrier
490 0 _aİletişim Yayınları ;
_v2270.
_aPolitika dizisi ;
_v139.
530 _aKarton kapak (paperback)
650 0 _aDemocracy.
651 0 _aUnited States
_xPolitics and government.
651 0 _aUnited States
_xSocial conditions
_yTo 1865.
700 1 _aÖzdemir, Seçkin Sertdemir,
_eçeviren.
942 _2lcc
_cBK